Personal Benchmark : (Record no. 47525)
[ view plain ]
| 000 -LEADER | |
|---|---|
| fixed length control field | 00555nam a22001697a 4500 |
| 005 - DATE AND TIME OF LATEST TRANSACTION | |
| control field | 20260505145058.0 |
| 008 - FIXED-LENGTH DATA ELEMENTS--GENERAL INFORMATION | |
| fixed length control field | 260505b |||||||| |||| 00| 0 eng d |
| 020 ## - INTERNATIONAL STANDARD BOOK NUMBER | |
| ISBN | 978-1-118-96332-6 |
| 082 ## - DEWEY DECIMAL CLASSIFICATION NUMBER | |
| Classification number | 332.6 |
| Author Mark | WID-P |
| 100 ## - MAIN ENTRY--AUTHOR | |
| Author Name | Widger, Chuck |
| -- | Dr. Daniel Crosby |
| 245 ## - TITLE STATEMENT | |
| Title | Personal Benchmark : |
| Sub-Title | Integrating Behavioral Finance and Investment Management |
| 260 ## - PUBLICATION, DISTRIBUTION, ETC. | |
| Place of Publication | New Jersey |
| Name of publisher, distributor, etc. | John Wiley & Sons, Inc., Hoboken, |
| Date of publication, distribution, etc. | 2014 |
| 300 ## - PHYSICAL DESCRIPTION | |
| Pages | 339 p. |
| 500 ## - GENERAL NOTE | |
| General note | Includes bibliographical references and index. |
| 650 ## - SUBJECT ADDED ENTRY--TOPICAL TERM | |
| Subject / Department | Investment advisors |
| 942 ## - ADDED ENTRY ELEMENTS (KOHA) | |
| Koha item type | Book |
| Withdrawn status | Lost status | Damaged status | Not for loan | Collection code | Permanent Location | Current Location | Shelving Location | Date acquired | Source of acquisition | Price | Inventory number | Total Checkouts | Full Call Number | Accession No./Barcode | Date last seen | Koha item type |
|---|---|---|---|---|---|---|---|---|---|---|---|---|---|---|---|---|
| Business Administration | Air University Kharian Campus Library | Air University Kharian Campus Library | Management Science | 04/09/2026 | Ali Book Services | 1862.00 | KA/10221 | 332.6 WID-P | AUKHP0653 | 05/05/2026 | Book |







